00301pab a2200121 454500008004000000100001900040245004100059260000900100300001300109362001000122650001300132773003400145180718b2015 xxu||||| |||| 00| 0 eng d aThapar, Romila aFallacies of Hindutva historiography c2015 ap.68-69. a3 Jan aHinduism aEconomic and Political Weekly